000
00255nam a2200097Ia 4500
008
230508s2017 xx 000 0 und d
041
_a
eng
100
_a
JAIN P L
245
_a
PRINCIPLES OF FOUNDRY TECHNOLOGY
260
_b
TATA MC GRAW-HILL PUB.
_c
2017
_g
1995
999
_c
341612
_d
341612